Österreich im Europäischen Wirtschaftsvergleich 1995 - 2003 (Record no. 6300)

MARC details
000 -LEADER
fixed length control field 00591nam a22002057i 4500
001 - CONTROL NUMBER
control field 7399
003 - CONTROL NUMBER IDENTIFIER
control field OSt
005 - DATE AND TIME OF LATEST TRANSACTION
control field 20170126082359.0
007 - PHYSICAL DESCRIPTION FIXED FIELD--GENERAL INFORMATION
fixed length control field tu
008 - FIXED-LENGTH DATA ELEMENTS--GENERAL INFORMATION
fixed length control field 161220s2005 xxu||||| |||| 00| 0 d
020 ## - INTERNATIONAL STANDARD BOOK NUMBER
International Standard Book Number 3-902479-35-3
024 7# - OTHER STANDARD IDENTIFIER
Standard number or code 7399
Source of number or code RID
024 7# - OTHER STANDARD IDENTIFIER
Standard number or code 7399
Source of number or code RSN (alt)
040 ## - CATALOGING SOURCE
Transcribing agency OSt
110 2# - MAIN ENTRY--CORPORATE NAME
Corporate name or jurisdiction name as entry element Statistik Austria
245 00 - TITLE STATEMENT
Title Österreich im Europäischen Wirtschaftsvergleich 1995 - 2003
Remainder of title Wirtschaftskraft, Kaufkraftparitäten und Preisniveau für die erweiterte EU, Beitrittskandidaten und EFTA
260 ## - PUBLICATION, DISTRIBUTION, ETC.
Place of publication, distribution, etc. Wien,
Date of publication, distribution, etc. 2005.
300 ## - PHYSICAL DESCRIPTION
Extent 78 S. ;
Dimensions 30cm.
Accompanying material CD
651 ## - SUBJECT ADDED ENTRY--GEOGRAPHIC NAME
Geographic name Austria
942 ## - ADDED ENTRY ELEMENTS (KOHA)
Koha item type Statistics
Holdings
Withdrawn status Lost status Damaged status Not for loan Home library Current library Shelving location Date acquired Inventory number Total Checkouts Full call number Barcode Date last seen Price effective from Koha item type
        WIIW WIIW Corridor 11/28/2005 7399   7.619 10003138 01/26/2017 01/26/2017 Statistics
The Vienna Instiute for International Economic Studies (wiiw)